Análisis dinámico del desempleo en Costa Rica para el periodo 2010-2011 /

সংরক্ষণ করুন:
গ্রন্থ-পঞ্জীর বিবরন
প্রধান লেখক: Villegas González, Braulio
অন্যান্য লেখক: Ulate Chinchilla, Josué
বিন্যাস: পাঠ‍্য
ট্যাগগুলো: ট্যাগ যুক্ত করুন
কোনো ট্যাগ নেই, প্রথমজন হিসাবে ট্যাগ করুন!

MARC

LEADER 00000 a a2200000 04500
001 47121
003
040
100 |a Villegas González, Braulio  
245 |a Análisis dinámico del desempleo en Costa Rica para el periodo 2010-2011 /  |c Braulio Villegas González, Josué Ulate Chinchilla  
700 |a Ulate Chinchilla, Josué  
773 |g volumen31, número1, (2013), páginas 31-66 : tablas, gráficos  
999 |c 22173  |d 22173